Orden y desorden escolar (Record no. 161655)
[ view plain ]
| 000 -LEADER | |
|---|---|
| fixed length control field | 00859nam a22002417a 4500 |
| 005 - DATE AND TIME OF LATEST TRANSACTION | |
| control field | 20220425140228.0 |
| 008 - FIXED-LENGTH DATA ELEMENTS--GENERAL INFORMATION | |
| fixed length control field | 171009b ag ||||| |||| 00| 0 spa d |
| 020 ## - INTERNATIONAL STANDARD BOOK NUMBER | |
| International Standard Book Number | 9508084782 |
| 020 ## - INTERNATIONAL STANDARD BOOK NUMBER | |
| International Standard Book Number | 9789508084781 |
| 050 04 - LIBRARY OF CONGRESS CALL NUMBER | |
| Classification number | LB14.7 |
| Item number | B45 2006 |
| 100 1# - MAIN ENTRY--PERSONAL NAME | |
| Personal name | Belgich, Horacio |
| 245 10 - TITLE STATEMENT | |
| Title | Orden y desorden escolar |
| Remainder of title | : cómo enseñar, aprender, imaginar y crear una institución escolar diferente |
| Statement of responsibility, etc | / Horacio Belgich ; con la colaboración Claudia Mauri. |
| 250 ## - EDITION STATEMENT | |
| Edition statement | 1a ed. |
| 260 ## - PUBLICATION, DISTRIBUTION, ETC. (IMPRINT) | |
| Place of publication, distribution, etc | Santa Fe, Argentina : |
| Name of publisher, distributor, etc | Homo Sapiens Ediciones, |
| Date of publication, distribution, etc | 2006 |
| 300 ## - PHYSICAL DESCRIPTION | |
| Extent | 241 p. ; |
| Dimensions | 22 cm. |
| 490 ## - SERIES STATEMENT | |
| Series statement | Educación |
| 504 ## - BIBLIOGRAPHY, ETC. NOTE | |
| Bibliography, etc | Bibliografía : p. 237-241 |
| 650 #7 - SUBJECT ADDED ENTRY--TOPICAL TERM | |
| Source of heading or term | lemb |
| Topical term or geographic name as entry element | Educación |
| General subdivision | Filosofía |
| 650 #7 - SUBJECT ADDED ENTRY--TOPICAL TERM | |
| Source of heading or term | lemb |
| Topical term or geographic name as entry element | Educación |
| General subdivision | Fines y objetivos |
| 650 #7 - SUBJECT ADDED ENTRY--TOPICAL TERM | |
| Source of heading or term | lemb |
| Topical term or geographic name as entry element | Derechos de los niños. |
| 700 1# - ADDED ENTRY--PERSONAL NAME | |
| Personal name | Mauri, Claudia, |
| Relator term | colaborador |
| 942 ## - ADDED ENTRY ELEMENTS (KOHA) | |
| Source of classification or shelving scheme | Biblioteca del Cogreso de los Estados Unidos |
| Koha item type | Libro |
| Estado de pérdida | Fuente de clasificación | Estado del daño | No para préstamo | Ubicación permanente | Ubicación actual | Apartado o colección | Fecha de adquisición | Edición | Área del conocimiento | Total Checkouts | Clasificación | Código de Barras | Date last seen | Número de copia | Costo por reposición | Tipo de recurso |
|---|---|---|---|---|---|---|---|---|---|---|---|---|---|---|---|---|
| Biblioteca del Cogreso de los Estados Unidos | Biblioteca Pública Universitaria | Biblioteca Pública Universitaria | General | 25/04/2022 | 1a ed. | Educación y Humanidades | LB14.7 B45 2006 | BPU000000975 | 25/04/2022 | 1 | 1.00 | Libro |